00813nam a2200229Ia 4500003000900000008004100009040001600050080001900066100002600085245014100111260003300252300001000285500002600295650004100321650003300362650002000395700002300415700002800438942000700466999001500473952009500488IN-BaIIA211028s9999 xx 000 0 eng d cIIA Library a512.9bKRA-1,2 aKrasnov, M. L.913039 0aVector analysisba revision of young manual of astronomycKrasnov M. L., Kiselev A. and Makarenko G. I. ; translated by George Yankovsky aMoscowbMIR Publishersc1981 a190p. aDonated by Mrs. Bappu aAstronomy and Astrophysics Thesaurus aDifferential Equations91510 aVector Analysis aKiselev, A.913040 aMakarenko, G. I.913041 cBK c7709d7709 00104070aBANbBANcGENd1983-07-26l0o512.9/ KRA-1,2p8524r2021-11-05w1983-07-26yBK